000 01229nam a2200349 i 4500
001 bg
100 1 _aMajewska-Meyers, Małgorzata.
245 1 0 _aPraktisches Lehrbuch Polnisch /
_cvon Małgorzata Majewska-Meyers in Zusammenarb. mit Sven Döring.
246 0 3 _aLangenscheidt - Praktisches Lehrbuch Polnisch
260 _aBerlin [etc.] :
_bLangenscheidt,
_ccop. 2006.
300 _a320 s. :
_bil. ;
_c22 cm +
_e4 dyski optyczne (CD-ROMy) + Begleitheft.
500 _aNa okł. podtyt. : Der Standardkurs für Selbstlerner.
500 _aTyt. CD : Langenscheidt - Praktischer Sprachlehrgang Polnisch.
650 9 _aJęzyk polski
650 9 _aJęzyk polski
655 _aĆwiczenia i zadania
655 _aPodręczniki
700 1 _aDöring, Sven
740 0 2 _aPraktischer Sprachlehrgang Polnisch
740 0 2 _aLangenscheidt - Praktischer Sprachlehrgang Polnisch
020 _a9783468262630
020 _a3468262639
040 _cBPK
041 0 _apol
_ager
044 _aDEU
080 _a811.162.1(07)
920 _a978-3-468-26263-0
920 _a3-468-26263-9
942 _cKS
008 s pl f |000 0 pol
999 _c55179
_d55179
856 _uhttp://koha.tu.koszalin.pl/cgi-bin/koha/opac-detail.pl?biblionumber=55179
_yKatalog online BPK